Digitální svět

Salvato in:
Dettagli Bibliografici
Autore principale: Negroponte, Nicholas
Altri autori: Koubský, Petr
Natura: Libro
Lingua:ceco
Pubblicazione: Praha Management Press 2001
Soggetti:
Tags: Aggiungi Tag
Nessun Tag, puoi essere il primo ad aggiungerne!!

MARC

LEADER 00000nam a2200000 4500
001 c127471
005 20240104115208.9
020 |a 80-7261-046-5 
041 0 |a cze 
044 |a CZ 
245 1 0 |a Digitální svět  |c Nicholas Negroponte ; preklad: Petr Koubský 
264 1 |a Praha  |b Management Press  |c 2001 
300 |a 207 s. 
610 2 0 |a digitalizácia 
610 2 0 |a technológie informačné 
610 2 0 |a komunikácia 
610 2 0 |a počítače 
610 2 0 |a technika výpočtová 
100 1 |a Negroponte, Nicholas 
700 1 |a Koubský, Petr